Guess the European country by a single fact - Statistics

General Stats
  • This quiz has been taken 78 times
  • The average score is 25 of 49
Answer Stats
Hint Answer % Correct
More people ride bikes than drive cars in this country Netherlands
86%
This country is referred to as the neutral country Switzerland
78%
This country is the most visited country in the world France
76%
One of the poorest countries in Europe Moldova
76%
This country is mainly in Asia but is still part of Europe Turkey
76%
This country invented the "french" fries Belgium
74%
This country is one of the few countries in Europe to have one neighbor Portugal
74%
This country is sometimes referred to as home of the vampires Romania
74%
This country had a massive empire in the Americas Spain
74%
Most of this country's population lives in its capital. It's in the baltics Latvia
72%
The most recent country invaded Ukraine
72%
Had to change it's name in order to join NATO North Macedonia
71%
This country has the biggest empire of all time United Kingdom
71%
Happiest country in Europe Finland
69%
This country has the 2nd longest coastline in the world Norway
69%
One of the biggest exporters of potatoes Ireland
67%
The first country to break away from Yugoslavia Slovenia
67%
This is one of the very few islamic countries in Europe Albania
64%
The only country to have ever invaded this country was Switzerland Liechtenstein
64%
This country is the richest in Europe Monaco
64%
The capital of this country is about 2,755 years old Italy
62%
Youngest country in Europe Kosovo
62%
This country was neutral when the Russian Empire had defeated them until 2023 when they joined NATO Sweden
60%
This country used to be part of and dominated over Yugoslavia Serbia
59%
Has the most debt in Europe Greece
55%
This country used to be part of a union with Poland Lithuania
55%
This country has been invaded the most in Europe Poland
55%
This country is sandwiched between 2 other countries Andorra
52%
This is one of the safest countries in the world Iceland
52%
This is the only Grand Duchy in Europe Luxembourg
50%
This country peacefully split from another country Slovakia
45%
The oldest country in Europe San Marino
43%
This country's president has been ruling since 1994 Belarus
41%
This country almost completely landlocks another country Croatia
38%
This country has one of the oldest flags in Europe Denmark
38%
This country has the most landmines that are still causing problems in Europe Bosnia and Herzegovina
34%
This country was the first to oppose the USSR during the communist era Hungary
34%
This country invented Tetris Russia
33%
This country has a very high level of employment Germany
31%
This country has a national day of laziness Montenegro
28%
This country last 99% of it's land area Vatican City
28%
This country has the highest amount of startups per capita in Europe Estonia
22%
This country is the only EU country where springtime hunting is legal Malta
21%
This country uses the least amount of electricity in Europe Bulgaria
19%
Chess is a mandatory subject in schools in this country Armenia
17%
The sewing machine was invented in this country Austria
17%
The capital of this country is 28 meters below sea level Azerbaijan
16%
This country created soft contact lenses Czechia
16%
This country has the world's deepest cave Georgia
16%
No matching quizzes found
Score Distribution
Percent of People with Each Score
Percentile by Number Answered
Your Score History
You have not taken this quiz